Business writing and communication (Record no. 182885)

000 -LEADER
fixed length control field 00389nam a2200133Ia 4500
008 - FIXED-LENGTH DATA ELEMENTS--GENERAL INFORMATION
fixed length control field 220217s9999||||xx |||||||||||||| ||und||
020 ## - INTERNATIONAL STANDARD BOOK NUMBER
International Standard Book Number 9780070637016
082 ## - DEWEY DECIMAL CLASSIFICATION NUMBER
Classification number 658.311 DAV
100 ## - MAIN ENTRY--PERSONAL NAME
Personal name Davis, Kenneth W
9 (RLIN) 8161
245 #0 - TITLE STATEMENT
Title Business writing and communication
260 ## - PUBLICATION, DISTRIBUTION, ETC.
Place of publication, distribution, etc. Tata mcgraw hill company Ltd
Name of publisher, distributor, etc. New Delhi
Date of publication, distribution, etc. 2008
300 ## - PHYSICAL DESCRIPTION
Extent VII, 229p.
Other physical details 375
650 ## - SUBJECT ADDED ENTRY--TOPICAL TERM
Topical term or geographic name entry element GENERAL BOOKS
Holdings
Withdrawn status Lost status Damaged status Not for loan Collection code Home library Current library Shelving location Date acquired Full call number Barcode Date last seen Price effective from Koha item type
        Humanity Science Central Library Central Library Book Cart 02/18/2022 658.311 DAV 18074 02/18/2022 02/18/2022 Books

Powered by Koha